| 000 | 00399nam a2200145Ia 4500 | ||
|---|---|---|---|
| 008 | 230917s9999||||xx |||||||||||||| ||und|| | ||
| 040 |
_e193879 _aMAIN |
||
| 041 | _aEnglish | ||
| 082 | _a371.3028 B678H | ||
| 100 | _aBowkett, Stephen | ||
| 245 | 0 | _aHundred ideas for teaching thinking skills | |
| 260 |
_aLondon _bContinuum International Publishing _c2007 |
||
| 300 | _axiii, 127 p. | ||
| 942 | _cBK | ||
| 999 |
_c163206 _d163206 |
||